| 000 | 00634cam a22002177a 4500 | ||
|---|---|---|---|
| 001 | 001631 | ||
| 003 | armpunfd | ||
| 005 | 20140612090646.0 | ||
| 008 | 050506e0####xx#a##########000#0#und#d | ||
| 040 |
_aarmpunfd _carmpunfd |
||
| 080 | _a347.78 EM 36. | ||
| 100 | 1 | 0 | _a Emery Miguel Angel |
| 245 | 1 | 0 | _aPropiedad intelectual. ley 11723. |
| 260 |
_a Uenos Aires : Astrea _b2003. 2ยบ Reimp. I.S.B.N: 950-508-523-0.347 P. |
||
| 650 | 7 |
_a Derechos De Autor _2LEMB |
|
| 650 | 7 |
_a Ley 11723 _2LEMB |
|
| 650 | 7 |
_a Propiedad Intelectual _2LEMB |
|
| 942 |
_cLB _2cdu |
||
| 945 |
_aCatalis _d2010-08-19 |
||
| 945 |
_aCatalis _d2010-08-19 |
||
| 999 |
_c1622 _d232126 |
||